• 首页
  • 本馆介绍
  • 公告通知
  • 最新文献
  • 馆藏检索
  • 电子资源
  • 读者荐购
  • 参考咨询
  • CALIS
  • 我的图书馆
  • 登录
  • 详细信息显示
  • 放入我的书架
  • 预约/预借图书
  • 作者相关作品
  • 分类相关作品
  • 丛书相关作品
  • 出版社相关作品

书目信息

  • 表格格式
  • 工作单格式
  • 卡片格式
题名:
弹性力学
    
 
作者: 朱滨 编
分册:  
出版信息: 合肥   中国科学技术大学出版社  2008.10
页数: xiv, 358页
开本: 24cm
丛书名:
单 册:
中图分类: O343
科图分类:
主题词: 弹性力学--dan xing li xue--高等学校--教材
电子资源:
ISBN: 978-7-312-02247-0
 
 
 
 
 
000 00912nam0 2200253 450
001 012009401431
005 20090623211527.48
010    @a978-7-312-02247-0@dCNY37.00
100    @a20090623d2008 em y0chi0120 ea
101 0  @achi
102    @aCN@b340000
105    @aa a 001yy
106    @ar
200 1  @a弹性力学@Adan xing li xue@f朱滨编@Fzhu bin bian
210    @a合肥@c中国科学技术大学出版社@d2008.10
215    @axiv, 358页@c图@d24cm
300    @a“十一五”国家重点图书中国科学技术大学精品教材
320    @a有书目 (第354-355页) 和索引
330    @a本书为力学及其相关专业,如机械、土木、航空等专业的大学生或研究生编写的弹性力学教材,内容包括应力、应变、应力应变关系等基本概念;弹性力学的基本原理、基本方程和基本解法。
606 0  @a弹性力学@Adan xing li xue@x高等学校@j教材
690    @aO343@v4
701  0 @a朱滨@Azhu bin@4编
801  0 @aCN@bQSSK@c20090623
905    @b748809-11@dO343@eZ835@f3
    
    弹性力学/朱滨编.-合肥:中国科学技术大学出版社,2008.10
    xiv, 358页:图;24cm
    “十一五”国家重点图书中国科学技术大学精品教材
    
    ISBN 978-7-312-02247-0:CNY37.00
    本书为力学及其相关专业,如机械、土木、航空等专业的大学生或研究生编写的弹性力学教材,内容包括应力、应变、应力应变关系等基本概念;弹性力学的基本原理、基本方程和基本解法。
●
相关链接 在E读中查询图书 在当当中查询图书 在豆瓣中查询图书


正题名:弹性力学     索取号:O343/Z835         预约/预借

序号 登录号 条形码 馆藏地/架位号 状态 备注
1 748809   207488093   自科库401/401自科库 53排1列3层/ [索取号:O343/Z835] 在馆    
2 748810   207488100   自科库401/401自科库 53排1列3层/ [索取号:O343/Z835] 在馆    
3 748811   207488119   自科库401/401自科库 53排1列3层/ [索取号:O343/Z835] 在馆    
河南城建学院图书馆 欢迎您!
大连网信软件有限公司© 版权所有